000 01452nam a2200313 a 4500
001 BRCA_8560
005 20190320210329.0
008 170816s1587----sp-#######---#000-0#lat-#
041 _alat
044 _asp
050 4 _aKBR2155
_b.L67
_c1587
100 1 _aLopez de Salzedoin, Ignatio
_921443
245 1 0 _aSingvlaris et excellentisimam practica criminalis canonica excommunicationis, Irregularitatis, suspensionis, degradationis, dispensationis materiam
_bin utroque foro frequentesimam complectens qua omnia fere crimina, quae tama clericis quam a laycis, ad ecclesiastica ordinaria, & santactae inquisitionis spectantia tribunalia, cum eurum poenis, & reorum defensionibus describuntur
_cIgnatio Lopez de Salzedoin.
260 _aComplvti
_bExcudebat ioannes gracian typographus
_c1587
300 _a522 p.
_c28 cm
500 _aFondo antiguo
500 _aSe encuentra en Caja Fuerte
500 _aW-145
500 _aFirma en portada: Martínez de Herrera
500 _aCon licencia del Rey
500 _aUso de letras capitulares, texto escrito a dos columnas
500 _aIncluye índice de materias
500 _aEstado físico: diversas páginas del documento presentan roturas y manchas
500 _aNota de encuadernación: en piel pergamino
506 0 _aFondo reservado: para su consulta es necesario credencial de usuario y carta de motivos
650 1 4 _aDerecho canónico
_921260
902 _aLAR
942 _2lcc
_cB
999 _c8223
_d8223